Ramuntxo (Record no. 23191)

MARC details
000 -LEADER
campo de control de longitud fija 00666nam a2200181 i 4500
001 - NÚMERO DE CONTROL
campo de control 23191
003 - IDENTIFICADOR DE NÚMERO DE CONTROL
campo de control ES-MaACL
005 - FECHA Y HORA DE LA ÚLTIMA TRANSACCIÓN
campo de control 20230906152829.0
007 - CAMPO FIJO DE DESCRIPCIÓN FÍSICA--INFORMACIÓN GENERAL
campo de control de longitud fija t|
008 - DATOS DE LONGITUD FIJA--INFORMACIÓN GENERAL
campo de control de longitud fija 021209s1961 sp ||||1| baq d
100 1# - ENTRADA PRINCIPAL--NOMBRE DE PERSONA
Nombre de persona Alzaga, Toribio.
9 (RLIN) 21050
245 10 - MENCIÓN DEL TÍTULO
Título Ramuntxo
Resto del título : iru egintza ta sei laukidun antzerkia /
Mención de responsabilidad, etc. Toribio Alzaga Anabitarte ; Pierre Loti'k sortua ; Rodrigo Figueroa Torres jaunak gaztelarrez tajutua ; ta Toribio Alzaga'k euskeraz tajutua.
260 ## - PUBLICACIÓN, DISTRIBUCIÓN, ETC.
Lugar de publicación, distribución, etc. [Tolosa] :
Nombre del editor, distribuidor, etc. Auspoa Liburitegia,
Fecha de publicación, distribución, etc. [1961]
300 ## - DESCRIPCIÓN FÍSICA
Extensión 139 p. ;
Dimensiones 17 cm.
700 1# - ENTRADA AGREGADA--NOMBRE PERSONAL
Nombre de persona Figueroa Torres, Rodrigo.
9 (RLIN) 50802
700 1# - ENTRADA AGREGADA--NOMBRE PERSONAL
Nombre de persona Loti, Pierre.
9 (RLIN) 74298
852 ## - LOCALIZACIÓN
Ubicación ES-MaACL
Número de control de estantería C-21500
Sublocalización o colección R.49684
Holdings
Estatus retirado Estado de pérdida Estado de daño No para préstamo Biblioteca de origen Biblioteca actual Ubicación en estantería Fecha de adquisición Fuente de adquisición Total de préstamos Signatura topográfica completa Código de barras Visto por última vez Precio de reemplazo Tipo de ítem Koha
        Biblioteca del Ateneo de Madrid Biblioteca del Ateneo de Madrid Galería 17/01/2008     C-21500 1023892 23/02/2023 23/02/2023 Libro impreso